000 00394nam a2200133Ia 4500
008 211119s9999||||xx |||||||||||||| ||und||
082 _a823
_bANI-C
100 _aAnita Nair,
245 0 _aCut Like Wound
260 _bHarpercollins
_aNoida
_c2012
300 _a358p
650 _aLiterature & rhetoric
_vEnglish & Old English literatures English fictionEnglish
_xGeneral Stack
942 _cBOOK
999 _c119631
_d119631